000 00221 a2200097 4500
001 51107
100 _aAkbar S Ahmed
245 _aPakistan Society
260 _aOxford
_bOxford University Press
_c
090 _c32367
_d32367
942 _aNUST-CAE
_cM
_c24855
999 _c286180
_d286180